| 000 -LEADER |
| fixed length control field |
00577cas a2200229 4500 |
| 022 0# - INTERNATIONAL STANDARD SERIAL NUMBER |
| ISSN |
0361-5995 |
| 040 ## - CATALOGING SOURCE |
| Transcribing agency |
NSD |
| 082 #4 - DEWEY DECIMAL CLASSIFICATION NUMBER |
| Classification number |
631 SOI 1976 A053 Or. |
| 245 00 - TITLE STATEMENT |
| Title |
Soil Science Society of America journal. |
| 246 13 - VARYING FORM OF TITLE |
| Title proper/short title |
SSSA journal |
| 246 13 - VARYING FORM OF TITLE |
| Title proper/short title |
SSSAJ |
| 260 ## - PUBLICATION, DISTRIBUTION, ETC. (IMPRINT) |
| Place of publication |
[Madison, Wis.] |
| Name of publisher |
Soil Science Society of America, |
| Year of publication |
1976- |
| 300 ## - PHYSICAL DESCRIPTION |
| Number of Pages |
37 v. |
| Other physical details |
ill. |
| Dimensions |
28 cm. |
| 650 #0 - SUBJECT ADDED ENTRY--TOPICAL TERM |
| Topical Term |
Soils |
| 650 #0 - SUBJECT ADDED ENTRY--TOPICAL TERM |
| Topical Term |
Soil science |
| 650 17 - SUBJECT ADDED ENTRY--TOPICAL TERM |
| Topical Term |
Bodemkunde. |
| 650 #6 - SUBJECT ADDED ENTRY--TOPICAL TERM |
| Topical Term |
Sols |
| 650 #7 - SUBJECT ADDED ENTRY--TOPICAL TERM |
| Topical Term |
Soil science. |
| 650 #7 - SUBJECT ADDED ENTRY--TOPICAL TERM |
| Topical Term |
Soils. |
| 710 2# - ADDED ENTRY--CORPORATE NAME |
| Corporate name or jurisdiction name as entry element |
Soil Science Society of America. |
| 942 ## - ADDED ENTRY ELEMENTS (KOHA) |
| Koha item type |
សៀវភៅភាសាអង់គ្លេស |
| 952 ## - LOCATION AND ITEM INFORMATION (KOHA) |
| Withdrawn status [LOCAL, KOHA] |
0 |